| 000 | 00369cam a22001337a 4500 | ||
|---|---|---|---|
| 008 | 180718b2000 xxu||||| |||| 00| 0 eng d | ||
| 020 | _a8173042519 | ||
| 082 | _aA6x5431 H193 | ||
| 100 | _aHangloo, R. L. | ||
| 245 |
_aThe state in medieval Kashmir _cby R. L. Hangloo |
||
| 260 |
_aNew Delhi _bManohar _c2000 |
||
| 300 | _a150p. | ||
| 650 | _aKashmir - History - 1339-1470 | ||
| 999 |
_c393275 _d393275 |
||